Chelsea women squad 22/23 - Statistics

General Stats
  • This quiz has been taken 239 times
    213 since last reset
  • The average score is 16 of 26
Answer Stats
# Nation Position Answer % Correct
20 Australia FW Sam Kerr
92%
4 England DF Millie Bright
90%
30 Germany GK Ann-Katrin Berger
86%
England Coach Emma Hayes
85%
11 Norway MF Guro Reiten
79%
10 England FW Lauren James
79%
1 Sweden GK Zecira Musovic
78%
7 England DF Jess Carter
77%
22 Scotland MF Erin Cuthbert
75%
21 England DF Niamh Charles
70%
23 Denmark MF Pernille Harder
70%
16 Sweden DF Magdalena Eriksson
68%
5 Wales MF Sophie Ingle
68%
14 England FW Fran Kirby
66%
17 Canada MF Jessie Fleming
65%
15 France DF Eve Perisset
57%
18 Norway DF Maren Mjelde
57%
26 Canada DF Kadeisha Buchanan
55%
8 Germany MF Melanie Leupolz
54%
19 Sweden WG Johanna Rytting Kaneryd
45%
28 Serbia MF Jelena Cankovic
42%
3 Netherlands DF Aniek Nouwen
41%
32 England GK Emily Orman
33%
27 Russia DF Alsu Abdullina
31%
13 Czech Republic MF Katerina Svitkova
30%
34 England MF Charlotte Wardlaw
10%
No matching quizzes found
Score Distribution
Percent of People with Each Score
Percentile by Number Answered
Your Score History
You have not taken this quiz since the last reset